Les 15 derniers gagnants de la LDC - Statistiques

Statistiques générales
  • Ce quiz a été pris 1 025 fois
  • Le résultat moyen est 11 sur 15
Answers on the Grid
Answers color-coded by a green-red scale on the quiz's grid according to % correct below.
FC Porto
Manchester City
AC Milan
Olympique de Marseille
Newcastle
Feyenoord Rotterdam
Etoile Rouge de Belgrade
Bayer Luverkusen
Bayern Munich
Tottenham
FC Barcelone
PSG
Naples
Villareal
Atletico de Madrid
Juventus
Inter Milan
SK Slovan Bratislava
Real Madrid
VFB Stuttgart
Sturm Graz
Olympiakos
Salvia Prague
Union Berlin
Liverpool
Arsenal
Nottingham Forest
RB Leipzig
Eintracht Francfort
Brighton
Crystal Palace
Manchester United
Bétis Séville
Chelsea
FC Séville
AS Roma
Lazio Rome
Borussia Dortmund
Dinamo Zagreb
Young Boys
RB Salzbourg
Ajax Amsterdam
Chakhtar Donetsk
Dinamo Kiev
FC Bâle
 
Statistiques - réponses
Réponse % Correct
Manchester City
97%
PSG
91%
Bayern Munich
87%
FC Barcelone
86%
AC Milan
84%
Liverpool
80%
Real Madrid
80%
Chelsea
78%
Inter Milan
69%
FC Porto
63%
Manchester United
61%
Juventus
59%
Olympique de Marseille
52%
Borussia Dortmund
42%
Ajax Amsterdam
38%
Aucun quiz correspondant
Distribution des résultats
% des personnes avec chaque résultat
Percentile par nombre de réponses
Votre historique - résultats
Vous n’avez pas pris ce quiz